000 00792nam a2200241Ia 4500
003 OSt
005 20220923220232.0
006 a|||||r|||| 00| 0
007 ta
008 220922b |||||||| |||| 00| 0 hin d
024 _a185,312
037 _cTextual
040 _aARTS
_cARTS
_bhin
041 _2hin
_ahin
082 _aO152,2xN5, N07
100 _aशरण, गिरिराज, संपा.
245 0 _aसामाजिक मूल्यों के एकांकी
246 _aSāmājik mūlyoan ke ekāankī
260 _aदिल्ली
_b प्रभात प्रकाशन
_c1990
300 _a153 पृ.
_ccm.
942 _hO152,2xN5, N07
_cTEXL
_2CC
999 _c338558
_d338558